000 00390nam a22001697a 4500
005 20180227163544.0
008 160611b xxu||||| |||| 00| 0 eng d
020 _a978-0-07-451770-3
041 _aeng
082 _b6805
_a331
100 _aMonappa Arun
_94180
245 _aIndustrial Relation.
260 _aNew Delhi
_bTMH
300 _a362
650 _aManagement
_9241
942 _cBK
999 _c2378
_d2377